| 000 | 00324 a2200133 4500 | ||
|---|---|---|---|
| 001 | 88847 | ||
| 082 | _aPR 770 | ||
| 090 |
_c41988 _d41988 |
||
| 100 | _aAzhar | ||
| 245 | _aOptimization study of composite stiffened compression panels | ||
| 260 |
_aKarachi _bNED _c1981 |
||
| 300 |
_a62p. _eFaiz |
||
| 500 | _aBE Project Report | ||
| 942 |
_aCAE NUST _kPR 770 |
||
| 999 |
_c323920 _d323920 |
||